Twitter Countries Quiz Stats

 Plays Quiz not verified by Sporcle

Challenge
Share
Tweet
Embed
Score 0/10 Timer 02:00
0 Plays Today
Continent Country % Correct
North AmericaUnited States of America
95.3%
EuropeUnited Kingdom of Great Britain
93%
North AmericaCanada
83.7%
AsiaSouth Korea
72.1%
EuropeIreland
69.8%
EuropeNetherlands
65.1%
South AmericaChile
65.1%
EuropeSweden
51.2%
AsiaKuwait
44.2%
AsiaBrunei
25.6%

You're not logged in!

Compare scores with friends on all Sporcle quizzes.
Join for Free
OR
Log In

You Might Also Like...

Show Comments

Extras

Top Quizzes Today


Score Distribution

Your Account Isn't Verified!

In order to create a playlist on Sporcle, you need to verify the email address you used during registration. Go to your Sporcle Settings to finish the process.

Report this User

Report this user for behavior that violates our Community Guidelines.

Details: